000 00347nam a2200133Ia 4500
008 240624s9999 xx 000 0 und d
041 _aeng
082 _a658.4033 DAV
100 _aDAVIS GLYN
245 _aQUANTITATIVE METHODS FOR DECISION MAKING
260 _c2014
_aNew Delhi
_bOxford
300 _axxi, : 629 : p. : cm. ; 26
365 _cRS
_b31
999 _c25004
_d25004